000 01358nam a2200289 a 4500
001 81317
003 BD-RjUL
005 20230918121544.0
008 230402s2013 bg a|||| m||| 00| 0 eng d
035 _a(BD-RjUL)81317
040 _aBD-RjUL
_beng
_cBD-RjUL
_dBD-RjUL
041 _aeng
082 _223
_a633.18
_bBUS 2013
100 _aBulbul, Sheikh Helena
_97254
245 1 0 _aSustainable use of Water for some selected Hybrid and Inbred Rice Cultivation in the Floodplain Areas (AEZ 26 AND AEZ 28) of Bangladesh /
_cSheikh Helena Bulbul ;
_6Principal Supervisor : Md. Safinur Rahman,Co-Supervisors : Md. Redwanur Rahman, M.A Sattar, Md. Ansar Ali & A.S.M. Masuduzzaman.
260 _aRajshahi :
_bInstitute of Environmental Science (IES), University of Rajshahi,
_c2013
300 _axxxii, [1], 215 leaves :
_bill.;
_c29 cm.
502 _aThesis(Ph.D.)-- Institute of Environmental Science (IES),University of Rajshahi,2013
504 _aReferences : Leaves 175-192
650 _aRice
_xAgricultural purposes
_vFloodplain Areas
_zBangladesh
_97255
700 _aRahman, Md. Safinur, Principal Supervisor
_97256
700 _aRahman, Md. Redwanur, Co-Supervisor
_91867
700 _aSattar, M.A. Co-Supervisor
_97257
700 _aAli, Md. Ansar Co-Supervisor
_97258
700 _aMasuduzzaman, A.S.M. Co-Supervisor
_97259
942 _2ddc
_cTHE
999 _c81317
_d81317